Moral (Record no. 28314)

MARC details
000 -LEADER
fixed length control field 00632nam a22002177a 4500
005 - DATE AND TIME OF LATEST TRANSACTION
control field 20150124123051.0
008 - FIXED-LENGTH DATA ELEMENTS--GENERAL INFORMATION
fixed length control field 121204t sp||||| |||| 00| 0 spa d
020 ## - INTERNATIONAL STANDARD BOOK NUMBER
International Standard Book Number 8425401283
050 #4 - LIBRARY OF CONGRESS CALL NUMBER
Classification number BJ1063
Item number S56 1999
100 1# - MAIN ENTRY--PERSONAL NAME
Personal name Simon, René
245 10 - TITLE STATEMENT
Title Moral
Statement of responsibility, etc / René Simon ; versión castellana Montserrat Kirchner
250 ## - EDITION STATEMENT
Edition statement 7a. ed.
260 ## - PUBLICATION, DISTRIBUTION, ETC. (IMPRINT)
Place of publication, distribution, etc Barcelona, España :
Name of publisher, distributor, etc Herder,
Date of publication, distribution, etc 1999
300 ## - PHYSICAL DESCRIPTION
Extent 432 p. ;
Dimensions 21 cm.
500 ## - GENERAL NOTE
General note Traducción de : Morale
504 ## - BIBLIOGRAPHY, ETC. NOTE
Bibliography, etc Incluye apéndice, bibliografía y glosario
650 #7 - SUBJECT ADDED ENTRY--TOPICAL TERM
Source of heading or term LEMB
Topical term or geographic name as entry element Ética
650 #4 - SUBJECT ADDED ENTRY--TOPICAL TERM
Topical term or geographic name as entry element Moral
700 1# - ADDED ENTRY--PERSONAL NAME
Personal name Kirchner, Montserrat
Relator term tr.
942 ## - ADDED ENTRY ELEMENTS (KOHA)
Source of classification or shelving scheme Biblioteca del Cogreso de los Estados Unidos
Koha item type Libro
Holdings
Estado de pérdida Fuente de clasificación Estado del daño No para préstamo Ubicación permanente Ubicación actual Apartado o colección Fecha de adquisición Fuente de adquisición Área del conocimiento Clasificación Código de Barras Date last seen Número de copia Tipo de recurso
  Biblioteca del Cogreso de los Estados Unidos     Biblioteca de la Unidad de Ciencias Ingeniería y Humanidades Biblioteca de la Unidad de Ciencias Ingeniería y Humanidades General 04/12/2012     BJ1063 S56 1999 BCU000013127 04/12/2012 1 Libro